000 00569nam a2200193 a 4500
005 20140310183332.0
008 060822s19uu xx 00 eng d
020 _a0240516664
050 _aTR 897.5
_b.W43 2005
100 _aWebster, Chris
245 _aAnimation:
_bthe mechanics of motion. /
_cChris Webster.
260 _aAmsterdam :
_bElseviere,
_c2005.
300 _a259 p. :
_bill. col. ;
_c24 cm.
521 _aIT
650 _aAdobe after effects.
650 _aCinematography
_xSpecial effects
_xData processing.
942 _cBK
_2lcc
_kFOR
999 _c21592
_d21592